Лексичні засоби англійської мови для передачі просторових відносин (Запис № 281877)

МАРК-запис
000 -LEADER
fixed length control field 01549nam a22001577a 4500
041 ## - LANGUAGE CODE
Language code of text/sound track or separate title ukr
080 ## - UNIVERSAL DECIMAL CLASSIFICATION NUMBER
Universal Decimal Classification number 09
090 ## - LOCALLY ASSIGNED LC-TYPE CALL NUMBER (OCLC); LOCAL CALL NUMBER (OCLC)
Local cutter number (OCLC) ; Book number/undivided call number, CALL (RLIN) КАР
100 ## - MAIN ENTRY--PERSONAL NAME
Personal name Карчевська Н. В.
245 ## - TITLE STATEMENT
Title Лексичні засоби англійської мови для передачі просторових відносин
260 ## - PUBLICATION, DISTRIBUTION, ETC. (IMPRINT)
Place of publication, distribution, etc Острог
Name of publisher, distributor, etc КАФ
Date of publication, distribution, etc 2003
300 ## - PHYSICAL DESCRIPTION
Extent 41
520 ## - SUMMARY, ETC.
Summary, etc Розділ 1. Поняття просторової локалізованості.<br/>1.1.Вираження просторової локалізованості в мові.<br/>1.2.Засоби англійської мови для передачі просторових відносин.<br/>Розділ 2. Передача просторових відносин за допомогою лексичних засобів мови.<br/>2.1.Іменники з просторовою семантикою.<br/>2.2.Прикметники на позначення просторових відносин.<br/>2.3.Дієслова на позначення просторових відносин.<br/>2.4.Прислівники на позначення просторових відносин.<br/>2.5.Числівники на позначення просторових відносин.<br/>2.6.Вага частин мови у передачі просторових відносин у творі "Перепона" Кетрін Мансфілд.
-- Лексикологія, просторові відносини, семантика
650 ## - SUBJECT ADDED ENTRY--TOPICAL TERM
Topical term or geographic name as entry element Research Papers
942 ## - ADDED ENTRY ELEMENTS (KOHA)
Koha item type Книги
Фонди
Withdrawn status Lost status Source of classification or shelving scheme Damaged status Not for loan Home library Current library Date acquired Source of acquisition Coded location qualifier Cost, normal purchase price Total Checkouts Full call number Barcode Date last seen Price effective from Koha item type
    Universal Decimal Classification     ВІЛ - Відділ іноземн. літератури НБ ВІЛ - Відділ іноземн. літератури НБ 08/08/2005 Акт 03\01 В21 1.00   09 208807 20/12/2021 01/09/2003 Книги